| Tag |
First Indicator |
Second Indicator |
Subfields |
| LEADER |
00000cam a2200000 a 4500 |
| 001 |
in00001237120 |
| 005 |
20151003061138.0 |
| 008 |
700902s1968 enkagh 000 0 eng |
| 010 |
|
|
|a 75375275
|
| 015 |
|
|
|a B68-25585
|
| 020 |
|
|
|a 0241015456
|
| 035 |
|
|
|a (OCoLC)00194222
|
| 035 |
|
|
|9 AGS3636AM
|
| 040 |
|
|
|a DLC
|c DLC
|d UKM
|d UtOrBLW
|
| 049 |
|
|
|a TXAS [mil]
|
| 050 |
0 |
0 |
|a UA652.R73
|b W9
|
| 082 |
0 |
|
|a 356/.11/0942
|
| 090 |
|
|
|a UA652.R73
|b W94 1968
|
| 100 |
1 |
|
|a Wykes, Alan.
|
| 245 |
1 |
4 |
|a The Royal Hampshire Regiment (37th/67th Regiments of Foot) /
|c by Alan Wykes.
|
| 264 |
|
1 |
|a London :
|b Hamilton,
|c 1968.
|
| 300 |
|
|
|a 127 pages :
|b illustrations, facsimiles, music ;
|c 23 cm.
|
| 336 |
|
|
|a text
|b txt
|2 rdacontent
|
| 337 |
|
|
|a unmediated
|b n
|2 rdamedia
|
| 338 |
|
|
|a volume
|b nc
|2 rdacarrier
|
| 490 |
1 |
|
|a Famous regiments
|
| 610 |
1 |
0 |
|a Great Britain.
|b Army.
|b Royal Hampshire Regiment.
|
| 830 |
|
0 |
|a Famous regiments.
|
| 999 |
|
|
|a MARS
|
| 999 |
f |
f |
|s 5f0ca0b5-9610-3f1f-9ae8-50c46c4182cd
|i 3eeb9ef5-c971-3398-b01a-1e8ee6fb4326
|t 0
|
| 952 |
f |
f |
|p noncirc
|a Texas A&M University
|b College Station
|c Cushing Memorial Library & Archives
|d Cushing: Ragan Military (Does not check out)
|t 0
|e UA652.R73 W94 1968
|h Library of Congress classification
|i unmediated -- volume
|
| 998 |
f |
f |
|a UA652.R73 W94 1968
|t 0
|l Cushing: Ragan Military (Does not check out)
|